000 00924nam a22003257a 4500
001 0028756
003 KOHA_MİRAKIL
005 20260207002639.0
007 ta
008 110322b1998 tu a|||gr||||#||||0|tur |
020 _a975776356X
040 _aTR-BiSEU
_btur
_cTR-BiSEU
_erda
041 0 _atur
044 _ctu
050 _aHC405
_b.S24 1998
100 1 _aŞahin, Hüseyin.
245 1 _aTürkiye ekonomisi/
_cHüseyin Şahin ; Hüseyin Şahin.
250 _a7. bs.
264 1 _aBursa :
_bEzgi
_c1998
300 _a420 sayfa :
_btbl.
336 _ametin
_btxt
_2rdacontent
337 _aaracısız
_bn
_2rdamedia
338 _acilt
_bnc
_2rdacarrier
500 _aKaynakça var.
650 0 _aTürkiye--Ekonomik Koşullar.
_916713
650 0 _aTürkiye--Ekonomi Politikası.
_919018
650 0 _aTurkey--Economic conditions.
_98442
650 0 _aTurkey--Economic policy.
_92265
942 _2lcc
_cBK
999 _c28678
_d28678